000 00736cam a22002413a 4500
001 4991
003 PGUSA
005 20140828083112.0
008 040101s2004||||xxu|||||s|||||000 1 eng d
040 _aPGUSA
_beng
042 _adc
050 4 _aPZ
100 1 _aPatchin, Frank Gee,
_d1861-1925
245 1 4 _aThe Pony Rider Boys in New Mexico; Or, The End of the Silver Trail
_h[electronic resource] /
_cFrank Gee Patchin
260 _bProject Gutenberg,
_c2004
506 _aPublic domain in the USA.
516 _aElectronic text
653 _aNew Mexico -- Juvenile fiction
653 _aHorsemanship -- Juvenile fiction
830 0 _aProject Gutenberg
_v4991
856 4 0 _uhttp://www.gutenberg.org/ebooks/4991
942 _cEB
999 _c234320
_d234320